000 00993nam a22003015a 4500
001 15310420
003 EG-ScBUE
005 20260121103646.0
008 080530t2008 gw a f b 001 0 eng d
020 _a9783540773054 (hardcover : alk. paper)
040 _aDLC
_beng
_erda
_cDLC
_dEG-ScBUE
082 0 4 _222
_a551.9
_bGAN
100 1 _aGanguly, Jibamitra,
_eauthor.
_97299
245 1 0 _aThermodynamics in earth and planetary sciences /
_cJibamitra Ganguly.
264 1 _aBerlin :
_bSpringer,
_c[2008]
264 4 _cc2008
300 _axxiii, 501 pages :
_billustrations ;
_c24 cm
336 _2rdacontent
_atext
_btxt
337 _aunmediated
_2rdamedia
_bn
338 _avolume
_bnc
_2rdacarrier
504 _aIncludes bibliographical references and index.
650 7 _aThermal analysis in earth sciences.
_2BUEsh
_97300
650 7 _aPlanets
_xGeology.
_2BUEsh
_97301
650 7 _aThermodynamics.
_2BUEsh
_97302
655 _vReading book
942 _2ddc
_cBB
999 _c12134
_d12134